000 00984nam a22002415i 4500
001 165003
003 ES-MaACL
005 20260629130409.0
008 010425s1840 fr a |||| | fre d
040 _aCAM
_bspa
_cCAM
100 1 _aScott, Walter,
_cSir,
_d1771-1832
_9104957
245 1 2 _aL'abbé
_b; Anne de Geierstein /
_cWalter Scott ; trauduction nouvelle par Albert Montémont ; revue et corrigée d'après la dernière édition d'Edimbourg et continuée par Barré.
260 _aParis :
_bTypographie de Firmin Didot frères imprimeurs-libraires,
_c1840.
300 _a279, 315 p., [4] h. de lám. ;
_c22 cm.
490 1 _aOeuvres de Walter Scott ;
_v7
599 _aLas h. de lám. grab.: "F.A. Pernot del. ..."
700 1 _aMontémont, Albert.
_9130122
700 1 _aBarré, Louis,
_d1799-1857
_925873
740 0 1 _aAnne de Geierstein.
830 0 _aOeuvres de Walter Scott ;
_v7
_9188527
852 _aES-MaACL
_jG-8193
_z-- Enc. hol.
999 _c165003
_d165003